[Event "Challenge"]
[Site "http://www.queenalice.com/game.php?id=279789"]
[Date "2007.10.1"]
[Round "-"]
[White "arthur01"]
[Black "levif"]
[Result "0-1"]
[WhiteElo "1028"]
[BlackElo "1736"]

1. d4 d5 2. g3 Nc6 3. Bh3 Bxh3 4. Nxh3 e5 5. Bg5 f6 6. dxe5 Nxe5 7. Bxf6 gxf6 8.
a4 Bb4+ 9. c3 Bc5 10. Ra3 Bxa3 11. Nxa3 c6 12. O-O Qd6 13. Nf4 O-O-O 14. Nc2 a5
15. Nd4 Ne7 0-1

[Event "AUTO-OPEN-850"]
[Site "http://www.queenalice.com/game.php?id=279898"]
[Date "2007.10.1"]
[Round "1"]
[White "levif"]
[Black "theblackfox"]
[Result "1-0"]
[WhiteElo "1721"]
[BlackElo "1625"]

1. e4 d5 2. d3 e5 3. Nf3 Bg4 4. Be2 Nf6 5. Nxe5 Bxe2 6. Qxe2 Bc5 7. O-O Nc6 8.
Nxc6 bxc6 9. exd5+ Be7 10. dxc6 O-O 11. Bg5 h6 12. Re1 hxg5 13. Qxe7 Qd4 14. Nc3
Rae8 15. Qa3 Ng4 16. Ne4 f5 17. Qc3 Qb6 18. Nc5 Qxc6 19. Qb3+ Kh7 20. Ne6 Rf6
21. Nxg5+ Kg6 22. Nf3 Qc5 23. Rxe8 Qxf2+ 24. Kh1 Kh7 25. Qg8+ Kg6 26. Re7 Kh5
27. Qe8+ Kh6 28. Qh8+ Kg6 29. Rxg7# 1-0

[Event "AUTO-OPEN-850"]
[Site "http://www.queenalice.com/game.php?id=279899"]
[Date "2007.10.1"]
[Round "1"]
[White "theblackfox"]
[Black "levif"]
[Result "0-1"]
[WhiteElo "1618"]
[BlackElo "1733"]

1. e4 e5 2. Nf3 Nf6 3. Nc3 Nc6 4. Bb5 d6 5. O-O Bd7 6. d4 Nxd4 7. Nxd4 exd4 8.
Qxd4 c5 9. Qa4 a6 10. Bc4 Bxa4 11. Nxa4 b5 12. Bxf7+ Kxf7 13. Nc3 b4 14. Nd5
Nxe4 15. f3 Nf6 16. Nxf6 Qxf6 17. Kh1 Re8 18. a3 a5 19. axb4 axb4 20. Ra7+ Re7
21. Rxe7+ Bxe7 22. b3 Qf5 23. g4 Qxc2 24. f4 Qxb3 25. f5 Bf6 26. g5 Qd5+ 27. Kg1
Bd4+ 28. Rf2 g6 29. fxg6+ Kxg6 30. h4 Rf8 31. Bb2 Bxf2+ 32. Kh2 Bxh4 33. Kh3
Qf3+ 34. Kxh4 Rf4# 0-1

[Event "Challenge"]
[Site "http://www.queenalice.com/game.php?id=291388"]
[Date "2007.10.23"]
[Round "-"]
[White "Mike36bh"]
[Black "levif"]
[Result "1-0"]
[WhiteElo "1738"]
[BlackElo "1744"]

1. d4 d5 2. Nc3 Nf6 3. Bf4 a6 4. h3 e6 5. a3 c5 6. Nf3 Nc6 7. e3 Bd6 8. Bxd6
Qxd6 9. Be2 c4 10. O-O O-O 11. b3 b5 12. bxc4 bxc4 13. Ne5 Nxe5 14. dxe5 Qxe5
15. Qd2 Bb7 16. f4 Qc7 17. Bf3 Rfd8 18. a4 Ne4 19. Bxe4 dxe4 20. Qf2 Qa5 21. Nd1
Rd2 22. Qe1 Rad8 23. Nf2 c3 24. Qc1 R8d7 25. Ng4 1-0

[Event "Challenge"]
[Site "http://www.queenalice.com/game.php?id=309042"]
[Date "2007.11.23"]
[Round "-"]
[White "Ben_Gurion"]
[Black "levif"]
[Result "0-1"]
[WhiteElo "1100"]
[BlackElo "1744"]

1. e4 e5 2. Nf3 Nf6 3. Nxe5 d6 4. Nf3 Nxe4 5. d4 Qe7 6. Be2 Bf5 7. O-O Nc6 8.
Re1 d5 9. Bb5 O-O-O 10. c4 Qd6 11. Be3 a6 12. c5 Qf6 13. Bxc6 Qxc6 14. Ne5 Qf6
15. f3 Nxc5 16. dxc5 Qxe5 17. Bg5 Bxc5+ 18. Kh1 Qxb2 19. Bxd8 Qxa1 20. Qxd5 Bxb1
21. Bxc7 Bxa2 22. Qd2 Qf6 23. Be5 Rd8 24. Qxa2 Qxe5 25. Rc1 Qe3 26. Qc2 Kb8 27.
h3 Rd2 28. Qxc5 Rd1+ 29. Kh2 Qf4+ 0-1

[Event "AUTO-OPEN-913"]
[Site "http://www.queenalice.com/game.php?id=309307"]
[Date "2007.11.24"]
[Round "1"]
[White "LaurieTournier"]
[Black "levif"]
[Result "0-1"]
[WhiteElo "1683"]
[BlackElo "1722"]

1. e4 e5 2. Nf3 Nc6 3. Bc4 Nf6 4. d3 d5 5. exd5 Nxd5 6. O-O Bg4 7. c3 Bc5 8.
Nbd2 O-O 9. h3 Bxf3 10. Qxf3 Nf6 11. Ne4 Nxe4 12. dxe4 a5 13. Be3 Bxe3 14. Qxe3
Qf6 15. Rad1 Rad8 16. Bd5 b6 17. Rd2 Ne7 18. Rfd1 Nxd5 19. Rxd5 Rxd5 20. Rxd5
Rd8 21. Qd3 Rxd5 22. Qxd5 h6 23. Kf1 Qf4 24. Ke2 Qc1 25. Qd2 Qb1 26. Kf3 Qxa2
27. Qd8+ Kh7 28. Qxc7 Qxb2 29. Qxe5 g6 30. h4 a4 31. h5 gxh5 32. Qf5+ Kg8 33.
Qc8+ Kg7 34. Qc7 a3 35. Qe5+ Kh7 36. Qf5+ Kg8 37. Qc8+ Kg7 38. Qc7 a2 39. Qe5+
Kh7 40. Qf5+ Kg8 41. Qc8+ Kg7 0-1

[Event "AUTO-OPEN-913"]
[Site "http://www.queenalice.com/game.php?id=309308"]
[Date "2007.11.24"]
[Round "1"]
[White "levif"]
[Black "LaurieTournier"]
[Result "1-0"]
[WhiteElo "1736"]
[BlackElo "1530"]

1. e4 e6 2. Nc3 d5 3. Nf3 c5 4. Bb5+ Nc6 5. d4 a6 6. Bxc6+ bxc6 7. Ne5 Qc7 8.
Bf4 Bd6 9. g3 cxd4 10. Qxd4 f6 11. Nxc6 Qxc6 12. exd5 exd5 13. Bxd6 Qxd6 14.
Qxd5 Qxd5 15. Nxd5 Ra7 16. O-O-O Kf7 17. Nc3 Ne7 18. Ne4 Be6 19. Nd6+ Kg6 20.
Rhe1 Bg4 21. Rd4 h5 22. c4 Nc6 23. Rd3 Ne5 24. Rc3 Rd8 25. c5 Rc7 26. Ree3 Nf7
27. f3 Nxd6 28. fxg4 Nb5 29. gxh5+ Kxh5 30. Rc4 Rdc8 31. b4 a5 32. a3 Rc6 33.
Kb2 axb4 34. axb4 Rd8 35. Kb3 Ra6 36. Rce4 Rb8 37. Re8 Rb7 38. R3e7 Ra3+ 39. Kc4
Rc3+ 40. Kd5 Rc7 41. Rh8+ Kg6 42. Rxc7 Nxc7+ 43. Kc6 Ne6 44. Rh4 1-0

[Event "AUTO-OPEN-913"]
[Site "http://www.queenalice.com/game.php?id=309349"]
[Date "2007.11.24"]
[Round "1"]
[White "blauw"]
[Black "levif"]
[Result "0-1"]
[WhiteElo "1094"]
[BlackElo "1738"]

1. Nc3 e5 2. g4 d5 3. Bg2 c6 4. Nf3 e4 5. Ne5 Bd6 6. d4 exd3 7. Nxd3 Bxg4 8. b4
Nf6 9. O-O a5 10. bxa5 O-O 11. Nf4 Qxa5 12. Be3 Qxc3 13. Rc1 Qe5 14. Qd3 Nh5 15.
Nxh5 Qxh2# 0-1

[Event "AUTO-OPEN-913"]
[Site "http://www.queenalice.com/game.php?id=309350"]
[Date "2007.11.24"]
[Round "1"]
[White "levif"]
[Black "blauw"]
[Result "1-0"]
[WhiteElo "1720"]
[BlackElo "1110"]

1. e4 e5 2. Nf3 Nf6 3. Nxe5 Bd6 4. Nf3 Nc6 5. Bc4 Bf4 6. d3 Bxc1 7. Qxc1 O-O 8.
O-O d6 9. Qf4 Nb4 10. Na3 Bd7 11. e5 dxe5 12. Bxf7+ Rxf7 13. Qxb4 a5 14. Qc4 Bc6
15. Nxe5 Bxg2 16. Qxf7+ Kh8 17. Kxg2 Qd5+ 18. Qxd5 Nxd5 19. Nb5 Nf4+ 20. Kg3
Ne2+ 21. Kg4 Re8 22. f4 c6 23. Nd6 Rd8 24. Nef7+ Kg8 25. Nxd8 Kf8 26. Rfe1 Nd4
27. Re8# 1-0

[Event "AUTO-OPEN-850"]
[Site "http://www.queenalice.com/game.php?id=377977"]
[Date "2008.3.27"]
[Round "2"]
[White "vila1"]
[Black "levif"]
[Result "0-1"]
[WhiteElo "1710"]
[BlackElo "1733"]

1. c4 e5 2. g3 Nf6 3. Bg2 c6 4. Nc3 d6 5. d3 Be6 6. Bg5 h6 7. Bxf6 Qb6 8. Bxe5
dxe5 9. b3 Bb4 10. Qc2 Qa5 11. Rc1 Nd7 12. Nf3 O-O 13. a4 Bf5 14. O-O Rfe8 15.
Nd2 Rad8 16. Be4 Bg4 17. Bf3 Be6 18. Rfd1 Bf5 19. Na2 Be7 20. e4 Be6 0-1

[Event "AUTO-OPEN-850"]
[Site "http://www.queenalice.com/game.php?id=377978"]
[Date "2008.3.27"]
[Round "2"]
[White "levif"]
[Black "vila1"]
[Result "1-0"]
[WhiteElo "1748"]
[BlackElo "1695"]

1. e4 c5 2. Nf3 d6 3. c3 Nc6 4. d4 cxd4 5. Nxd4 Nf6 6. f3 e5 7. Nxc6 bxc6 8. Be3
d5 9. Nd2 Be7 10. Qa4 Bd7 11. Bd3 d4 12. Bf2 c5 13. Qc2 O-O 14. Nc4 Qc7 15. Bg3
Bd6 16. cxd4 cxd4 17. O-O Bb5 18. Nxd6 Bxd3 19. Qxc7 Bxf1 20. Rxf1 Ne8 21. Nxe8
1-0

[Event "AUTO-OPEN-850"]
[Site "http://www.queenalice.com/game.php?id=377985"]
[Date "2008.3.27"]
[Round "2"]
[White "levif"]
[Black "Bebeto"]
[Result "0-1"]
[WhiteElo "1762"]
[BlackElo "2255"]

1. e4 e5 2. Nf3 Nc6 3. d4 exd4 4. Nxd4 Nf6 5. f3 Bc5 6. Be3 Nxd4 7. Bxd4 Bxd4 8.
Qxd4 O-O 9. Nc3 c6 10. e5 Re8 11. O-O-O Nh5 12. g3 d5 13. exd6 Nf6 14. Bd3 Qb6
15. Qf4 Bd7 16. Rhe1 Rxe1 17. Rxe1 Qf2 18. Re2 Qg1+ 19. Nd1 Rd8 20. Qh4 h6 21.
Re7 b5 22. Qb4 Qxh2 0-1

[Event "AUTO-OPEN-850"]
[Site "http://www.queenalice.com/game.php?id=377986"]
[Date "2008.3.27"]
[Round "2"]
[White "Bebeto"]
[Black "levif"]
[Result "1-0"]
[WhiteElo "2256"]
[BlackElo "1760"]

1. e4 e5 2. Nf3 Nf6 3. Nxe5 d6 4. Nf3 Nxe4 5. d4 Qe7 6. Be2 g6 7. O-O Bg7 8. Re1
O-O 9. Bc4 Qd7 10. Rxe4 d5 11. Bxd5 Qxd5 12. Nc3 Qa5 13. Bf4 Nc6 14. d5 Bxc3 15.
bxc3 Bf5 16. Re1 Rfd8 17. c4 Qc5 18. Qe2 Nb4 19. Be3 Qd6 20. Nd4 Bd7 21. Qd2 Re8
22. Nf3 Bg4 23. Ng5 1-0